The Walking Dead - Les Personnages Morts - Statistiques

Statistiques générales
  • Ce quiz a été pris 877 fois
  • Le résultat moyen est 14 sur 24
Statistiques - réponses
Détails de sa mort Personnages % Correct
Morte en accouchant Lori
88%
Tuée par un rôdeur, retrouvée dans une grange Sophia
87%
Tué à coups de batte après un tirage au sort Abraham
86%
Tué à coups de batte, son œil est sortit de son orbite Glenn
85%
Tuée d'une balle dans la tête à l'hôpital Beth
78%
Mordue par un rôdeur, décède à la fin de la série Rosita
73%
S'empoisonne afin d'attaquer Negan Sasha
69%
Suicide après avoir été mordu Carl
64%
Poignardé par un "rôdeur" Jésus
64%
Dévoré par une horde de rôdeur en étant coincé dans une porte tournante Noah
64%
Tué d'un couteau dans le cœur après un affrontement contre Rick Shane
64%
Éventré par un rôdeur et achevé par Daryl Dale
60%
Abattue par Carol après le meurtre de sa sœur Lizzie
57%
Éventré par Negan à Alexandria Spencer
57%
Décapité par un sabre Hershel
56%
Séquestrée puis mordue par un rôdeur Andrea
53%
Empalé par le sabre de Michonne Le Gouverneur
50%
Tué par le Gouverneur après l'avoir trahi Merle
50%
Décapité puis planté sur une pique par la mère de son amante Henry
48%
Tuée par une flèche qui transperça son crâne Denise
46%
Tué après s'être fait planté deux couteaux dans le crâne par Daryl Beta
44%
Tuée après s'être faite tranchée la gorge par Negan Alpha
33%
Dévorée par des rôdeurs après son fils cadet Jessie
25%
Mordu par un rôdeur et amputé par la suite Bob
19%
Aucun quiz correspondant
Distribution des résultats
% des personnes avec chaque résultat
Percentile par nombre de réponses
Votre historique - résultats
Vous n’avez pas pris ce quiz